000 01766nab a22003017a 4500
999 _c5570
_d5570
003 OSt
005 20251218110313.0
008 190429b xxu||||| |||| 00| 0 spa d
040 _cPJ
245 1 0 _aParticipación omisiva en el delito de violación. El progenitor que no evita las agresiones sexuales contra su hija /
_cGustavo E. Aboso.
260 _cCiudad Autónoma de Buenos Aires :
_aThomson Reuters La Ley,
_b2025.
300 _ap. 29-56
500 _aCita: TR LALEY AR/DOC/729/2025.
505 _aSumario: I. Introducción.— II. Los hechos.— III. El modelo diferenciador en materia de participación criminal y sus consecuencias.— IV. La participación mediante omisión.— V. Elementos constituyentes de la comisión por omisión.— VI. ¿La madre como autora?— VII. La autoría omisiva como infracción de deber.— VIII. Atenuación de la responsabilidad penal desde la perspectiva de la violencia de género.— IX. Conclusiones.
505 _tFallos comentados: CNCrim. y Correc., sala VII ~ 03/10/2024 ~ C. C., E. s/ falta de mérito. Abuso sexual.
505 _tSi te interesa el texto completo, solicitalo a koha@justierradelfuego.gov.ar
650 0 _9343
_aDERECHO PENAL
650 0 _92217
_aDELITO DE OMISIÓN
650 0 _96074
_aDELITO DE COMISION POR OMISION
650 0 _92902
_aDELITOS CONTRA LA INTEGRIDAD SEXUAL
650 0 _94467
_aABUSO SEXUAL CALIFICADO POR ACCESO CARNAL
650 0 _96548
_aPARTICIPACION NECESARIA
650 0 _93053
_aVIOLENCIA DE GÉNERO
650 0 _92999
_aAUTORÍA
650 0 _91468
_aRESPONSABILIDAD PENAL
773 0 _02658
_93164
_tRevista de derecho penal y criminología. Nº 4 - Mayo 2025
_dCiudad Autónoma de Buenos Aires : Thomson Reuters La Ley, 2017-
_x00347914
942 _2udc
_cANA